Statistics for Top 5 Songs On Whole Lotta Red (Playboi Carti)

Click here to take the quiz!

General Stats

  • This quiz has been taken 74 times
  • The average score is 4 of 5

Answer Stats

HintAnswer% Correct
436,271,837Sky
98%
106,319,128Stop Breathing
95%
88,910,194Rockstar Made
88%
174,205,805Vamp Anthem
78%
155,842,031ILoveUIHateU
70%

Score Distribution

Percentile by Number Answered

Percent of People with Each Score

Your Score History

You have not taken this quiz